Технические средства систем безопасности и противодействия ядерному терроризму: методические указания к выполнению лабораторных работ
| Autore principale: | |
|---|---|
| Ente Autore: | |
| Riassunto: | Заглавие с титульного экрана Электронная версия печатной публикации Режим доступа: из корпоративной сети ТПУ |
| Lingua: | russo |
| Pubblicazione: |
Томск, Изд-во ТПУ, 2008
|
| Soggetti: | |
| Accesso online: | http://www.lib.tpu.ru/fulltext2/m/2010/m248.pdf |
| Natura: | Elettronico Libro |
| KOHA link: | https://koha.lib.tpu.ru/cgi-bin/koha/opac-detail.pl?biblionumber=188632 |
MARC
| LEADER | 00000nlm0a2200000 4500 | ||
|---|---|---|---|
| 001 | 188632 | ||
| 005 | 20240209083855.0 | ||
| 035 | |a (RuTPU)RU\TPU\book\204881 | ||
| 090 | |a 188632 | ||
| 100 | |a 20101210d2008 m y0rusy50 ca | ||
| 101 | 0 | |a rus | |
| 102 | |a RU | ||
| 105 | |a a j 001zy | ||
| 135 | |a drcn ---uucaa | ||
| 181 | 0 | |a i | |
| 182 | 0 | |a b | |
| 200 | 1 | |a Технические средства систем безопасности и противодействия ядерному терроризму |e методические указания к выполнению лабораторных работ |f Б. П. Степанов |g Томский политехнический университет (ТПУ) | |
| 203 | |a Текст |c электронный | ||
| 210 | |a Томск |c Изд-во ТПУ |d 2008 | ||
| 300 | |a Заглавие с титульного экрана | ||
| 300 | |a Электронная версия печатной публикации | ||
| 333 | |a Режим доступа: из корпоративной сети ТПУ | ||
| 337 | |a Adobe Reader | ||
| 452 | 1 | |0 (RuTPU)RU\TPU\book\176449 |y 5-98298-292-X |t Технические средства систем безопасности и противодействия ядерному терроризму |o методические указания к выполнению лабораторных работ |f Б. П. Степанов |g Томский политехнический университет (ТПУ) |c Томск |n Изд-во ТПУ |d 2008 |p 40 с. |s Инновационная образовательная программа |a Степанов, Борис Павлович | |
| 606 | 1 | |a Ядерный терроризм |x Противодействие |x Технические средства |2 stltpush |3 (RuTPU)RU\TPU\subj\68691 |9 83867 | |
| 610 | 1 | |a ядерные установки | |
| 610 | 1 | |a ядерные объекты | |
| 610 | 1 | |a безопасность | |
| 610 | 1 | |a защита | |
| 610 | 1 | |a несанкционированное вмешательство | |
| 610 | 1 | |a несанкционированный доступ | |
| 610 | 1 | |a периметровые средства | |
| 610 | 1 | |a радиационные мониторы | |
| 610 | 1 | |a системы контроля | |
| 610 | 1 | |a системы управления | |
| 610 | 1 | |a радиационный мониторинг | |
| 610 | 1 | |a видеонаблюдение | |
| 610 | 1 | |a биометрические контроллеры | |
| 610 | 1 | |a атомная энергетика | |
| 610 | 1 | |a лабораторные работы | |
| 610 | 1 | |a учебные пособия | |
| 610 | 1 | |a труды учёных ТПУ | |
| 610 | 1 | |a электронный ресурс | |
| 675 | |a 621.039.58(076.5) |v 3 | ||
| 700 | 1 | |a Степанов |b Б. П. |c специалист в области атомной энергетики |c доцент Томского политехнического университета, кандидат технических наук |f 1960- |g Борис Павлович |3 (RuTPU)RU\TPU\pers\29389 |9 13970 | |
| 712 | 0 | 2 | |a Томский политехнический университет (ТПУ) |c (1991-2009) |3 (RuTPU)RU\TPU\col\376 |
| 801 | 1 | |a RU |b 63413507 |c 20101210 | |
| 801 | 2 | |a RU |b 63413507 |c 20160525 |g RCR | |
| 856 | 4 | |u http://www.lib.tpu.ru/fulltext2/m/2010/m248.pdf | |
| 942 | |c CF | ||